Os fundamentos constitucionais do direito ̉diversidade

Detalles Bibliográficos
Autor principal: Medauar Ommati, Jos ̌Eml̕io
Formato: eBook
Lenguaje:portugués
Publicado: Belo Horizonte: Initia Via Editora, 2016
Materias:
Acceso en línea:Acceso restringido

MARC

LEADER 00000nam a22000007a 4500
005 20210426210218.0
007 cr|||| ||||
008 210426s2016 br |||||s|||| 00||0 por d
020 |a 978-85-64912-77-9 
035 |a 33143 
040 |a vLex 
090 |c 11521  |d 11521 
100 1 |a Medauar Ommati, Jos ̌Eml̕io 
245 1 2 |a Os fundamentos constitucionais do direito ̉diversidade  |h [Recurso electrn̤ico] /  |c Jos ̌Eml̕io Medauar Ommati 
256 |a Servicio en ln̕ea 
260 |a Belo Horizonte:  |b Initia Via Editora,  |c 2016 
300 |a 1 recurso electrn̤ico 
506 1 |a Disponible solo en los productos indicados  |d vLex Global  |d vLex Global (Academic Edition, excluding Law Schools)  |d vLex Global (U.S. Academic Edition, Law Schools)  |d vLex Global (U.S. Academic Edition, excluding Law Schools)  |d vLex Global (Academic Edition, Law Schools) 
650 0 4 |a Derecho Constitucional  |z Brasil 
740 0 |a vLex Libros (Servicio en ln̕ea) 
856 4 0 |u https://vlex.com/source/fundamentos-constitucionais-direito-diversidade-33143  |z Acceso restringido 
942 |c BOOK 
999 0 |a Constitutional right